Prueba de Uzbekistán - Estadísticas

Estadísticas generales
  • Esta prueba ha sido intentada 909 veces
  • La puntuación promedio es 10 de 17
Estadísticas de respuestas
Pista Respuesta % Correcto
Hasta 1991, Uzbekistán formaba parte de este país Unión Soviética
96%
Todos los países que limitan con Uzbekistán terminan en estas cuatro letras Stan
93%
La religión predominante Islam
91%
Llamado por algunos, el segundo idioma oficial “de-facto“ Ruso
89%
La ruta comercial terrestre que pasó por Uzbekistán hasta el siglo XVIII Ruta de la {Seda}
84%
Idioma oficial Uzbeko
84%
Región de la que Uzbekistán forma parte Asia {Central}
76%
La capital de Uzbekistán Taskent
73%
Anteriormente el cuarto lago más grande del mundo, ahora mayormente evaporado Mar de {Aral}
58%
El conquistador que conquistó el área en el 327 a.C. Alejandro el Grande
54%
Uzbekistán y Liechtenstein son los únicos países que están ... Doblemente {sin litoral}
45%
El primer gran imperio del que Uzbekistán formó parte Imperio Aqueménida (Imperio Persa)
44%
El principal cultivo comercial de Uzbekistán (pista: comienza con A) Algodón
35%
La segunda ciudad más grande Samarcanda
29%
Un grupo étnico más grande que incluye a los uzbekos, kazakos y uigures Turco
28%
Caudillo nacido en la ciudad de Shahrisabz en 1336 cuyas conquistas mataron a cerca del 5% de la población mundial Tamerlán
19%
Uzbekistán es parte de esta antigua región que dio su nombre al camello de dos jorobas Bactriana
18%
No se encontraron pruebas coincidentes
Distribución de puntuación
Porcentaje de gente con cada puntuación
Porcentaje por número respondido
Historial de tus puntuaciones
No has intentado esta prueba.